Vnútrobunková distribúcia gama-aminomaslovej kyseliny (GABA) a iných aminokyselín.

Guardado en:
Detalles Bibliográficos
Autor principal: Molnár, Tomáš
Formato: Libro
Lenguaje:eslovaco
Publicado: Bratislava STU FCHPT 2012
Acceso en línea:Ver en el OPAC
Etiquetas: Agregar Etiqueta
Sin Etiquetas, Sea el primero en etiquetar este registro!

MARC

LEADER 00000nam a2200000 a 4500
005 20260127134327.0
008 120627 2012 xo 000 0 slo d
035 |a vtls010432651 
039 9 |a 201207121209  |b mschk03  |y 201206270843  |z mschk03 
040 |a STUSCHK1  |b slo  |c STUSCHK1  |e AACR2 
100 1 |a Molnár, Tomáš 
245 1 |a Vnútrobunková distribúcia gama-aminomaslovej kyseliny (GABA) a iných aminokyselín.  |c Tomáš Molnár 
260 |a Bratislava  |b STU FCHPT  |c 2012 
300 |a 55 s.  |b il.  |c 30cm 
500 |a Obháj.: 4.6. 2012 
500 |a Študijný program: biotechnológia 
500 |a Študijný odbor: 5.2.25 biotechnológie 
500 |a Miesto vypracovania: Oddelenie biochémie a mikrobiológie, FCHPT STU 
500 |a Evidenčné číslo: FCHPT-5421-40479 
500 |a Diplomová práca 
910 |a SCHK95 
999 |c 9922  |d 9922